Деконструктивные процессы в метафизике как предпосылка трансформации онтологии социальности и культуры: к постановке проблемы; Коммуникативные аспекты языка и культуры; Ч. 1

Podrobná bibliografie
Parent link:Коммуникативные аспекты языка и культуры: сборник материалов XII Международной научно-практической конференции студентов и молодых ученых, г. Томск, 16-18 мая 2012 г./ Национальный исследовательский Томский политехнический университет (ТПУ), Институт международного образования и языковой коммуникации (ИМОЯК) ; под ред. С. А. Песоцкой.— , 2012
Ч. 1.— 2012.— [С. 62-68]
Hlavní autor: Корниенко А. А. Анна Анатольевна
Korporativní autor: Национальный исследовательский Томский политехнический университет (ТПУ) Институт социально-гуманитарных технологий (ИСГТ) Кафедра философии (ФИЛ)
Shrnutí:Заглавие с титульного листа.
Электронная версия печатной публикации.
Jazyk:ruština
Vydáno: 2012
Edice:Внутрикультурная коммуникация в эпоху информационного общества: социально-философский и образовательный аспекты
Témata:
On-line přístup:http://www.lib.tpu.ru/fulltext/c/2012/C77/V1/010.pdf
Médium: MixedMaterials Elektronický zdroj Kapitola
KOHA link:https://koha.lib.tpu.ru/cgi-bin/koha/opac-detail.pl?biblionumber=607927

MARC

LEADER 00000naa2a2200000 4500
001 607927
005 20260316135317.0
035 |a (RuTPU)RU\TPU\conf\5333 
035 |a RU\TPU\conf\5312 
090 |a 607927 
100 |a 20140905d2012 k y0rusy50 ca 
101 0 |a rus 
102 |a RU 
135 |a drcn ---uucaa 
181 0 |a i  
182 0 |a b 
200 1 |a Деконструктивные процессы в метафизике как предпосылка трансформации онтологии социальности и культуры: к постановке проблемы  |f А. А. Корниенко 
203 |a Текст  |c электронный 
215 |a 1 файл (137 Кб) 
225 1 |a Внутрикультурная коммуникация в эпоху информационного общества: социально-философский и образовательный аспекты 
300 |a Заглавие с титульного листа. 
300 |a Электронная версия печатной публикации. 
320 |a [Библиогр.: с. 68 (5 назв.)] 
337 |a Adobe Reader 
461 1 |0 (RuTPU)RU\TPU\conf\4597  |t Коммуникативные аспекты языка и культуры  |o сборник материалов XII Международной научно-практической конференции студентов и молодых ученых, г. Томск, 16-18 мая 2012 г.  |o в 3 ч.  |f Национальный исследовательский Томский политехнический университет (ТПУ), Институт международного образования и языковой коммуникации (ИМОЯК) ; под ред. С. А. Песоцкой  |d 2012 
463 1 |0 (RuTPU)RU\TPU\conf\4599  |t Ч. 1  |v [С. 62-68]  |d 2012 
610 1 |a электронный ресурс 
610 1 |a труды учёных ТПУ 
610 1 |a деконструктивные процессы 
610 1 |a метафизика 
610 1 |a трансформация 
610 1 |a онтология 
610 1 |a социальность 
610 1 |a культура 
610 1 |a проблемы 
700 1 |a Корниенко  |b А. А.  |c экономист  |c доцент Томского политехнического университета, доктор философских наук  |f 1970-  |g Анна Анатольевна  |3 (RuTPU)RU\TPU\pers\28950  |9 13683 
712 0 2 |a Национальный исследовательский Томский политехнический университет (ТПУ)  |b Институт социально-гуманитарных технологий (ИСГТ)  |b Кафедра философии (ФИЛ)  |3 (RuTPU)RU\TPU\col\18928 
801 1 |a RU  |b 63413507  |c 20140902 
801 2 |a RU  |b 63413507  |c 20160122  |g RCR 
856 4 |u http://www.lib.tpu.ru/fulltext/c/2012/C77/V1/010.pdf 
942 |c BK